书目信息 |
| 题名: |
联邦政府审计
|
|
| 作者: | 张苏彤 译 | |
| 分册: | ||
| 出版信息: | 北京 中国时代经济出版社 2009.01 |
|
| 页数: | 370页 | |
| 开本: | 20cm | |
| 丛书名: | ||
| 单 册: | ||
| 中图分类: | F239.44 | |
| 科图分类: | ||
| 主题词: | 审计 | |
| 电子资源: | ||
| ISBN: | 978-7-80221-472-9 | |
| 000 | 00556nam0 2200205 45 | |
| 001 | 0935940985 | |
| 005 | 20091101100016.10 | |
| 010 | @a978-7-80221-472-9@dCNY52.00 | |
| 100 | @a20090515d2009 ekmy0 y0120 ea | |
| 102 | @aCN@b130000 | |
| 105 | @ay z 000yy | |
| 200 | 1 | @a联邦政府审计@f张苏彤等译@Fzhang su tong deng yi |
| 210 | @a北京@c中国时代经济出版社@d2009.01 | |
| 215 | @a370页@d20cm | |
| 606 | 0 | @a审计 |
| 690 | @aF239.44@v4 | |
| 701 | 0 | @a张苏彤@Azhang su tong@4译 |
| 801 | 0 | @aCN@c20091101 |
| 905 | @a10447@dF239.44@eA445 | |
| 906 | @d52@n3@r1 | |
| 联邦政府审计/张苏彤等译.-北京:中国时代经济出版社,2009.01 |
| 370页;20cm |
| ISBN 978-7-80221-472-9:CNY52.00 |
| ● |
| 相关链接 |
|
|
|
正题名:联邦政府审计
索取号:F239.44/A445
 
预约/预借
| 序号 | 登录号 | 条形码 | 馆藏地/架位号 | 状态 | 备注 |
| 1 | 897217 | 208972174 | 社科二线422/409社科库 78排4列2层/ [索取号:F239.44/A445] | 在馆 | |
| 2 | 897218 | 208972183 | 社科库409/409社科库 78排4列2层/ [索取号:F239.44/A445] | 在馆 | |
| 3 | 897219 | 208972192 | 社科库409/409社科库 78排4列2层/ [索取号:F239.44/A445] | 在馆 |